[Event "Nationale pupillendag 2017 - categorie H"]
[Site "Meppel"]
[Date "2017.06.17"]
[Round "1.1"]
[White "Grooten, Tommy"]
[Black "Koorevaar, Sarah-Joy"]
[Result "1-0"]
[BlackElo "256"]
[WhiteElo "767"]
[LiveChessVersion "1.4.8"]

1. e4 {[%clk 0:15:18]} e5 {[%clk 0:15:15]} 2. Nf3 {[%clk 0:15:25]} Nc6
{[%clk 0:15:23]} 3. Bc4 {[%clk 0:15:32]} f5 {[%clk 0:15:30]} 4. exf5
{[%clk 0:15:37]} d5 {[%clk 0:15:29]} 5. Bb3 {[%clk 0:15:39]} Bxf5
{[%clk 0:15:31]} 6. Nc3 {[%clk 0:15:46]} d4 {[%clk 0:15:39]} 7. Ne2
{[%clk 0:15:53]} e4 {[%clk 0:15:46]} 8. Nfxd4 {[%clk 0:15:54]} Bd7
{[%clk 0:15:16]} 9. Nxc6 {[%clk 0:15:59]} Bxc6 {[%clk 0:15:20]} 10. O-O
{[%clk 0:15:57]} Nf6 {[%clk 0:15:24]} 11. c3 {[%clk 0:15:33]} Bb5
{[%clk 0:15:09]} 12. c4 {[%clk 0:15:40]} Ba6 {[%clk 0:15:12]} 13. Qc2
{[%clk 0:15:29]} Bc5 {[%clk 0:14:44]} 14. Ng3 {[%clk 0:15:31]} e3
{[%clk 0:14:05]} 15. fxe3 {[%clk 0:15:29]} O-O {[%clk 0:14:10]} 16. d4
{[%clk 0:15:34]} Bd6 {[%clk 0:14:13]} 17. c5+ {[%clk 0:15:41]} Kh8
{[%clk 0:14:13]} 18. Rf3 {[%clk 0:15:32]} Be7 {[%clk 0:14:10]} 19. Bd2 Ng4 20.
Rxf8+ {[%clk 0:15:05]} Qxf8 {[%clk 0:14:13]} 21. Bc1 {[%clk 0:12:47]} b5
{[%clk 0:13:47]} 22. Qf5 {[%clk 0:12:44]} Bc8 {[%clk 0:13:31]} 23. Qxf8+
{[%clk 0:12:40]} Bxf8 {[%clk 0:13:36]} 24. h3 {[%clk 0:12:42]} Nf6
{[%clk 0:13:33]} 25. Bd2 {[%clk 0:12:24]} Ne8 {[%clk 0:13:31]} 26. Ba5
{[%clk 0:12:18]} Be7 {[%clk 0:13:35]} 27. a4 {[%clk 0:12:08]} bxa4
{[%clk 0:13:36]} 28. Bxa4 {[%clk 0:12:16]} Nf6 {[%clk 0:13:13]} 29. Bxc7
{[%clk 0:12:18]} Ng8 {[%clk 0:13:10]} 30. Bc6 {[%clk 0:12:20]} Bh4
{[%clk 0:12:38]} 31. Bxa8 {[%clk 0:12:25]} Be6 {[%clk 0:12:34]} 32. Rf1
{[%clk 0:12:22]} Nf6 {[%clk 0:12:26]} 33. c6 {[%clk 0:12:02]} Bc4
{[%clk 0:12:30]} 34. Rc1 {[%clk 0:11:35]} Bf7 {[%clk 0:12:20]} 35. Bb8
{[%clk 0:11:37]} a5 {[%clk 0:12:16]} 36. c7 {[%clk 0:11:43]} Be6 37. d5 Bd7
{[%clk 0:11:40]} 38. Ne2 {[%clk 0:11:16]} Ne4 {[%clk 0:11:26]} 39. Rc6
{[%clk 0:11:02]} Bf2+ {[%clk 0:11:06]} 40. Kf1 {[%clk 0:10:55]} g6
{[%clk 0:11:09]} 41. c8=Q+ {[%clk 0:10:26]} Bxc8 {[%clk 0:11:15]} 42. Rxc8+
{[%clk 0:10:35]} Kg7 {[%clk 0:11:23]} 43. Be5+ {[%clk 0:10:40]} Kh6
{[%clk 0:11:20]} 44. Bf4+ {[%clk 0:10:41]} Kh5 {[%clk 0:11:26]} 45. g4+
{[%clk 0:10:42]} Kh4 {[%clk 0:11:32]} 46. Rh8 {[%clk 0:10:38]} Nd2+
{[%clk 0:11:36]} 47. Kxf2 {[%clk 0:10:54]} Ne4+ {[%clk 0:11:46]} 48. Ke1
{[%clk 0:11:00]} Kxh3 {[%clk 0:11:39]} 49. Rxh7+ {[%clk 0:11:05]} Kxg4
{[%clk 0:11:42]} 50. d6 {[%clk 0:11:06]} Nf6 {[%clk 0:11:02]} 51. d7
{[%clk 0:11:12]} Nxd7 {[%clk 0:10:36]} 52. Rxd7 {[%clk 0:11:18]} a4
{[%clk 0:10:45]} 53. Rd4 {[%clk 0:11:23]} g5 {[%clk 0:10:28]} 54. Bc7+ Kh5 55.
Rd5 {[%clk 0:10:46]} Kg6 {[%clk 0:10:30]} 56. Bd8 g4 57. Nf4+ {[%clk 0:10:36]}
Kf7 {[%clk 0:10:33]} 58. Rd7+ {[%clk 0:10:34]} Ke8 {[%clk 0:10:38]} 59. Bc6
{[%clk 0:10:41]} g3 {[%clk 0:10:26]} 60. Ne6 {[%clk 0:10:43]} g2 {[%clk 0:10:31]}
61. Rg7# {[%clk 0:10:43]} 1-0

[Event "Nationale pupillendag 2017 - categorie H"]
[Site "Meppel"]
[Date "2017.06.17"]
[Round "1.2"]
[White "Huang, Luna"]
[Black "Hu, Ching Sui"]
[Result "0-1"]
[BlackElo "600"]
[WhiteElo "238"]
[LiveChessVersion "1.4.8"]

1. e4 {[%clk 0:15:18]} e5 {[%clk 0:15:19]} 2. Nf3 {[%clk 0:15:27]} Nc6
{[%clk 0:15:27]} 3. Nc3 {[%clk 0:15:29]} Bc5 {[%clk 0:15:31]} 4. Bc4 d6 5. d3
{[%clk 0:14:55]} Bg4 {[%clk 0:15:33]} 6. O-O {[%clk 0:14:56]} Nf6
{[%clk 0:15:34]} 7. Bg5 {[%clk 0:15:00]} O-O {[%clk 0:15:36]} 8. Bxf6
{[%clk 0:14:48]} Qxf6 {[%clk 0:15:42]} 9. Nd5 Qg6 10. Bb5 Bh3 11. g3 Bxf1 12.
Qxf1 Qh5 13. Bxc6 bxc6 14. Nxc7 {[%clk 0:12:34]} Rac8 {[%clk 0:15:46]} 15. Na6
{[%clk 0:12:35]} Qxf3 {[%clk 0:15:52]} 16. Nxc5 {[%clk 0:11:44]} dxc5
{[%clk 0:16:00]} 17. c3 Qh5 18. Re1 {[%clk 0:10:23]} Rce8 {[%clk 0:16:06]} 19.
Re3 {[%clk 0:10:05]} Re6 {[%clk 0:16:12]} 20. Qg2 {[%clk 0:09:39]} Qd1+
{[%clk 0:16:03]} 21. Qf1 Qg4 22. h3 {[%clk 0:09:07]} Qg5 {[%clk 0:15:52]} 23. Rf3
{[%clk 0:08:58]} Qh5 {[%clk 0:15:39]} 24. Rf5 Qh6 25. Qe2 {[%clk 0:07:53]} Rf6
{[%clk 0:15:09]} 26. Rh5 Qc1+ 27. Qf1 Qxb2 28. Qd1 {[%clk 0:06:53]} Qxc3
{[%clk 0:15:14]} 29. Qg4 {[%clk 0:06:48]} Qd4 {[%clk 0:15:14]} 30. Rh4 Qxf2+ 31.
Kh1 {[%clk 0:06:30]} Qf1+ {[%clk 0:15:22]} 32. Kh2 {[%clk 0:06:35]} Rf2#
{[%clk 0:15:28]} 0-1

[Event "Nationale pupillendag 2017 - categorie H"]
[Site "Meppel"]
[Date "2017.06.17"]
[Round "2.1"]
[White "Ubbink, Jesper"]
[Black "Grooten, Tommy"]
[Result "0-1"]
[BlackElo "767"]
[WhiteElo "368"]
[LiveChessVersion "1.4.8"]

1. e4 {[%clk 0:15:19]} c5 {[%clk 0:15:17]} 2. Nf3 {[%clk 0:15:27]} e6
{[%clk 0:15:23]} 3. Bc4 {[%clk 0:15:34]} a6 {[%clk 0:15:31]} 4. O-O d5 5. exd5
exd5 6. Bd3 Be7 7. Nc3 c4 8. Be2 d4 9. Na4 d3 10. cxd3 cxd3 11. Qe1 dxe2 12. Qxe2
Bd7 13. Nc3 Nf6 14. Ng5 h6 15. Nf3 O-O 16. Qd3 b5 17. Nd5 Nxd5 18. Qxd5 Nc6 19.
Qd3 Qc7 20. g3 Nb4 21. Qe4 Bc6 22. Qe3 Nc2 23. Qd3 Nxa1 24. h4 Rad8 25. Qb1 Bxf3
26. Qxa1 Qb7 27. Qb1 Bh1 28. f3 Bxf3 29. Rf2 Bc5 30. Kf1 Bxf2 31. Kxf2
{[%clk 0:08:37]} Bg2 {[%clk 0:15:36]} 32. Ke1 Rfe8+ 33. Kd1 Bf3+ 34. Kc2 Be4+ 35.
d3 Bxd3+ 36. Kb3 Qd5+ 37. Ka3 b4+ 38. Kxb4 {[%clk 0:07:29]} Rb8+ {[%clk 0:15:45]}
39. Kc3 Rec8+ 40. Kd2 Bxb1+ 41. Ke2 Qd3+ 42. Ke1 Rc2 43. Bf4 {[%clk 0:06:15]}
Qe2# 0-1

[Event "Nationale pupillendag 2017 - categorie H"]
[Site "Meppel"]
[Date "2017.06.17"]
[Round "2.2"]
[White "Hu, Ching Sui"]
[Black "Aubel, Daan"]
[Result "0-1"]
[BlackElo "406"]
[WhiteElo "600"]
[LiveChessVersion "1.4.8"]

1. e4 {[%clk 0:15:19]} e5 {[%clk 0:15:19]} 2. Nf3 {[%clk 0:15:27]} Nc6
{[%clk 0:15:28]} 3. Bc4 {[%clk 0:15:24]} Nf6 4. Nc3 {[%clk 0:15:24]} Bb4
{[%clk 0:15:41]} 5. d3 Bxc3+ {[%clk 0:15:49]} 6. bxc3 {[%clk 0:15:31]} d6
{[%clk 0:15:52]} 7. Ng5 {[%clk 0:15:33]} d5 {[%clk 0:15:56]} 8. exd5
{[%clk 0:15:35]} Nxd5 {[%clk 0:16:04]} 9. Bb2 {[%clk 0:15:30]} O-O
{[%clk 0:16:11]} 10. O-O {[%clk 0:15:38]} h6 {[%clk 0:16:16]} 11. Ne4 Nf6
{[%clk 0:15:58]} 12. Nxf6+ {[%clk 0:15:40]} Qxf6 13. Ba3 {[%clk 0:15:37]} Re8
{[%clk 0:16:06]} 14. Bb5 {[%clk 0:14:53]} Bd7 {[%clk 0:16:09]} 15. Bxc6
{[%clk 0:14:27]} Bxc6 {[%clk 0:16:16]} 16. Qg4 {[%clk 0:14:17]} Rad8
{[%clk 0:16:03]} 17. Rae1 {[%clk 0:13:21]} Bd7 {[%clk 0:16:00]} 18. Qe4
{[%clk 0:13:15]} Bf5 {[%clk 0:15:55]} 19. Qc4 {[%clk 0:13:13]} c6 20. Bc5
{[%clk 0:12:53]} b6 {[%clk 0:15:11]} 21. Be3 {[%clk 0:12:35]} Qg6
{[%clk 0:15:02]} 22. Rd1 {[%clk 0:11:40]} Bh3 {[%clk 0:15:06]} 23. g3
{[%clk 0:11:39]} Bxf1 {[%clk 0:15:14]} 24. Rxf1 {[%clk 0:11:49]} b5
{[%clk 0:15:01]} 25. Qb3 {[%clk 0:11:42]} a5 {[%clk 0:14:56]} 26. Bb6
{[%clk 0:11:23]} a4 {[%clk 0:15:05]} 27. Qb4 {[%clk 0:11:16]} Rd5
{[%clk 0:14:43]} 28. c4 {[%clk 0:11:12]} Rd4 {[%clk 0:14:51]} 29. Bxd4
{[%clk 0:11:16]} exd4 30. cxb5 {[%clk 0:11:14]} cxb5 {[%clk 0:15:06]} 31. Qxb5
{[%clk 0:11:18]} Re2 {[%clk 0:15:07]} 32. Qxa4 {[%clk 0:11:19]} Qb6
{[%clk 0:14:56]} 33. Qa8+ {[%clk 0:11:08]} Kh7 34. Qf3 {[%clk 0:11:00]} Rxc2
{[%clk 0:15:07]} 35. Qe4+ {[%clk 0:11:05]} Rd2 {[%clk 0:15:15]} 36. Ra1+
{[%clk 0:10:51]} g6 {[%clk 0:15:16]} 37. f3 Qf6 {[%clk 0:15:00]} 38. a3
{[%clk 0:10:29]} h5 {[%clk 0:14:59]} 39. Qxd4 {[%clk 0:10:22]} Qg5
{[%clk 0:14:20]} 40. Qd7 {[%clk 0:10:19]} f5 {[%clk 0:14:24]} 41. f4+
{[%clk 0:10:25]} Kh6 {[%clk 0:14:26]} 42. Qd5 {[%clk 0:10:02]} Qf6
{[%clk 0:14:34]} 0-1

[Event "Nationale pupillendag 2017 - categorie H"]
[Site "Meppel"]
[Date "2017.06.19"]
[Round "3.1"]
[White "Grooten, Tommy"]
[Black "Van Rijn, Vincent"]
[Result "1-0"]
[BlackElo "424"]
[WhiteElo "767"]
[LiveChessVersion "1.4.8"]

1. e4 {[%clk 0:15:18]} e5 {[%clk 0:15:20]} 2. Nf3 {[%clk 0:15:25]} Nc6
{[%clk 0:15:28]} 3. Bc4 {[%clk 0:15:32]} Nf6 {[%clk 0:15:36]} 4. Ng5
{[%clk 0:15:39]} Bc5 {[%clk 0:15:39]} 5. Bxf7+ {[%clk 0:15:39]} Kf8
{[%clk 0:15:39]} 6. Bb3 {[%clk 0:15:45]} Ng8 {[%clk 0:15:10]} 7. O-O
{[%clk 0:15:43]} Qxg5 {[%clk 0:15:11]} 8. d4 {[%clk 0:15:49]} Qe7
{[%clk 0:14:51]} 9. dxc5 {[%clk 0:15:52]} Qxc5 {[%clk 0:14:43]} 10. Qf3+
{[%clk 0:15:56]} Nf6 {[%clk 0:14:35]} 11. Be3 {[%clk 0:15:56]} Nd4
{[%clk 0:14:25]} 12. Qd1 {[%clk 0:15:35]} h5 {[%clk 0:13:43]} 13. c3
{[%clk 0:15:37]} Ne2+ {[%clk 0:13:29]} 14. Qxe2 {[%clk 0:15:27]} Qe7
{[%clk 0:13:08]} 15. Nd2 {[%clk 0:14:48]} Ng4 {[%clk 0:12:56]} 16. h3
{[%clk 0:14:55]} Nxe3 {[%clk 0:12:41]} 17. Qxe3 d6 {[%clk 0:12:31]} 18. Qf3+
{[%clk 0:15:05]} Qf6 {[%clk 0:12:36]} 19. Qxf6+ {[%clk 0:15:05]} gxf6
{[%clk 0:12:42]} 20. Bd5 {[%clk 0:14:52]} Rh7 {[%clk 0:12:14]} 21. Nc4
{[%clk 0:14:55]} Rg7 {[%clk 0:12:11]} 22. Ne3 {[%clk 0:14:39]} Bxh3
{[%clk 0:12:11]} 23. Kh2 {[%clk 0:14:40]} Bd7 {[%clk 0:11:53]} 24. Rab1
{[%clk 0:14:43]} Bb5 {[%clk 0:11:53]} 25. Rfd1 {[%clk 0:14:13]} Be2
{[%clk 0:11:28]} 26. Rd2 {[%clk 0:14:13]} Bg4 {[%clk 0:11:07]} 27. Bxb7
{[%clk 0:14:18]} Rb8 {[%clk 0:10:47]} 28. Bd5 {[%clk 0:14:16]} Bd7
{[%clk 0:10:19]} 29. Nf5 {[%clk 0:14:23]} Bxf5 {[%clk 0:10:23]} 30. exf5
{[%clk 0:14:29]} Rb5 {[%clk 0:09:45]} 31. c4 {[%clk 0:14:35]} Rb4
{[%clk 0:08:50]} 32. a3 {[%clk 0:14:27]} Rb3 {[%clk 0:08:38]} 33. c5
{[%clk 0:14:34]} Rb8 {[%clk 0:08:19]} 34. cxd6 {[%clk 0:14:38]} cxd6
{[%clk 0:08:26]} 35. Be6 {[%clk 0:14:44]} Rd8 {[%clk 0:07:51]} 36. Rbd1
{[%clk 0:14:42]} Ke7 {[%clk 0:07:45]} 37. f4 {[%clk 0:14:43]} exf4
{[%clk 0:07:47]} 38. Re1 {[%clk 0:14:40]} Kf8 {[%clk 0:07:19]} 39. Re4
{[%clk 0:14:17]} Re7 {[%clk 0:06:44]} 40. Rxf4 {[%clk 0:14:11]} Rg7
{[%clk 0:06:37]} 41. Rh4 {[%clk 0:14:09]} Rg5 {[%clk 0:06:36]} 42. Ra4
{[%clk 0:14:13]} h4 {[%clk 0:06:14]} 43. Rxa7 {[%clk 0:14:19]} Rg7
{[%clk 0:05:49]} 44. Ra6 {[%clk 0:14:20]} Ke7 {[%clk 0:05:34]} 45. b4
{[%clk 0:14:12]} Rh8 {[%clk 0:05:19]} 46. Raxd6 {[%clk 0:14:17]} Rgh7
{[%clk 0:04:51]} 47. Rd7+ {[%clk 0:14:24]} Kf8 {[%clk 0:04:56]} 48. Rd8+
{[%clk 0:14:13]} Kg7 {[%clk 0:04:59]} 49. Rxh8 {[%clk 0:14:08]} Rxh8
{[%clk 0:05:07]} 50. Rd7+ {[%clk 0:14:13]} Kh6 {[%clk 0:04:53]} 51. b5
{[%clk 0:14:19]} Kg5 {[%clk 0:04:46]} 52. b6 {[%clk 0:14:27]} Kg4
{[%clk 0:04:45]} 53. b7 {[%clk 0:14:29]} Rb8 {[%clk 0:04:32]} 54. Bd5
{[%clk 0:14:33]} Kxf5 {[%clk 0:04:23]} 55. Rc7 {[%clk 0:14:38]} Ke5
{[%clk 0:04:23]} 56. Bf3 {[%clk 0:14:21]} Kd6 {[%clk 0:04:12]} 57. Rc8
{[%clk 0:14:28]} Rxb7 {[%clk 0:04:14]} 58. Bxb7 {[%clk 0:14:36]} Kd7
{[%clk 0:04:23]} 59. Rc2 {[%clk 0:14:43]} Ke6 {[%clk 0:04:28]} 60. Kh3
{[%clk 0:14:49]} f5 {[%clk 0:04:36]} 61. Kxh4 {[%clk 0:14:56]} Ke5
{[%clk 0:04:45]} 62. Bc8 {[%clk 0:15:03]} f4 {[%clk 0:04:52]} 63. Rc5+
{[%clk 0:15:10]} Ke4 {[%clk 0:04:59]} 64. Rf5 {[%clk 0:15:19]} Ke3
{[%clk 0:04:58]} 65. Kg4 {[%clk 0:15:23]} Ke4 {[%clk 0:05:02]} 66. Rxf4+
{[%clk 0:15:31]} Ke3 {[%clk 0:05:08]} 67. Ba6 {[%clk 0:15:31]} Kd2
{[%clk 0:05:09]} 68. Rf3 {[%clk 0:15:33]} Kc2 {[%clk 0:05:15]} 69. Re3
{[%clk 0:15:36]} Kd2 {[%clk 0:05:21]} 70. Kf3 {[%clk 0:15:44]} Kc2
{[%clk 0:05:27]} 71. Rd3 {[%clk 0:15:51]} Kb2 {[%clk 0:05:32]} 72. a4
{[%clk 0:15:59]} Kc2 {[%clk 0:05:35]} 73. Ke2 {[%clk 0:16:06]} Kb2
{[%clk 0:05:43]} 74. Kd2 {[%clk 0:16:13]} Kb1 {[%clk 0:05:47]} 75. Rc3
{[%clk 0:16:17]} Kb2 {[%clk 0:05:41]} 76. Bc8 {[%clk 0:16:07]} Kb1
{[%clk 0:05:42]} 77. Rc2 {[%clk 0:16:15]} Ka1 {[%clk 0:05:45]} 78. Kc3
{[%clk 0:16:24]} Kb1 {[%clk 0:05:50]} 79. Kb3 {[%clk 0:16:32]} Ka1
{[%clk 0:05:56]} 80. Rc1# {[%clk 0:16:40]} 1-0

[Event "Nationale pupillendag 2017 - categorie H"]
[Site "Meppel"]
[Date "2017.06.19"]
[Round "3.2"]
[White "Heukelom, Aurelia"]
[Black "Aubel, Daan"]
[Result "1-0"]
[BlackElo "406"]
[WhiteElo "578"]
[LiveChessVersion "1.4.8"]

1. e4 {[%clk 0:15:19]} e5 {[%clk 0:15:18]} 2. Nf3 {[%clk 0:15:36]} Nc6
{[%clk 0:15:26]} 3. Bb5 f6 4. Bxc6 {[%clk 0:15:40]} dxc6 {[%clk 0:15:38]} 5. d3
{[%clk 0:15:48]} Bg4 6. Nbd2 {[%clk 0:15:58]} Bxf3 {[%clk 0:15:53]} 7. Qxf3
{[%clk 0:15:59]} Bb4 8. c3 Bc5 {[%clk 0:15:55]} 9. Nc4 {[%clk 0:16:07]} Qd7
{[%clk 0:15:30]} 10. Qh5+ {[%clk 0:16:08]} g6 {[%clk 0:15:19]} 11. Qf3
{[%clk 0:16:15]} O-O-O {[%clk 0:15:19]} 12. Be3 {[%clk 0:16:00]} Bxe3
{[%clk 0:14:59]} 13. Qxe3 {[%clk 0:16:12]} Kb8 {[%clk 0:14:58]} 14. O-O
{[%clk 0:16:05]} Ne7 {[%clk 0:14:50]} 15. a4 {[%clk 0:15:44]} a6 {[%clk 0:14:19]}
16. Ra3 {[%clk 0:15:39]} Qxd3 {[%clk 0:14:25]} 17. Qxd3 {[%clk 0:15:45]} Rxd3
{[%clk 0:14:22]} 18. Rb3 {[%clk 0:15:47]} b6 {[%clk 0:14:30]} 19. a5
{[%clk 0:15:47]} b5 {[%clk 0:14:17]} 20. Na3 {[%clk 0:15:29]} Rhd8
{[%clk 0:14:23]} 21. c4 Rxb3 1-0

[Event "Nationale pupillendag 2017 - categorie H"]
[Site "Meppel"]
[Date "2017.06.17"]
[Round "4.1"]
[White "Verwer, Oscar"]
[Black "Grooten, Tommy"]
[Result "0-1"]
[BlackElo "767"]
[WhiteElo "456"]
[LiveChessVersion "1.4.8"]

1. e4 {[%clk 0:15:18]} c5 {[%clk 0:15:17]} 2. d4 {[%clk 0:15:26]} cxd4
{[%clk 0:15:23]} 3. Qxd4 {[%clk 0:15:33]} Nc6 {[%clk 0:15:27]} 4. Qd3
{[%clk 0:15:29]} Nf6 {[%clk 0:15:26]} 5. Nc3 {[%clk 0:15:28]} d6 {[%clk 0:15:29]}
6. Nf3 {[%clk 0:15:26]} e6 {[%clk 0:15:29]} 7. Qe3 {[%clk 0:15:22]} Be7
{[%clk 0:15:23]} 8. Bd3 {[%clk 0:15:28]} O-O {[%clk 0:15:21]} 9. O-O
{[%clk 0:15:35]} a6 {[%clk 0:15:27]} 10. Ng5 {[%clk 0:15:31]} Nd7
{[%clk 0:15:12]} 11. Nf3 {[%clk 0:15:15]} Nc5 {[%clk 0:15:12]} 12. b4
{[%clk 0:15:02]} Nxb4 {[%clk 0:15:16]} 13. Bb2 {[%clk 0:14:07]} Nc6
{[%clk 0:14:40]} 14. Nd4 {[%clk 0:12:58]} Nxd4 {[%clk 0:14:30]} 15. Qxd4
{[%clk 0:13:05]} Bf6 {[%clk 0:14:30]} 16. Qe3 {[%clk 0:12:58]} Qb6
{[%clk 0:14:13]} 17. Qh3 {[%clk 0:12:03]} e5 {[%clk 0:13:48]} 18. Nd5
{[%clk 0:11:57]} Qxb2 {[%clk 0:13:46]} 19. Nxf6+ {[%clk 0:11:44]} gxf6
{[%clk 0:13:46]} 20. Qg3+ {[%clk 0:11:45]} Kh8 {[%clk 0:13:50]} 21. Rfb1
{[%clk 0:11:37]} Qc3 {[%clk 0:13:39]} 22. Re1 {[%clk 0:11:01]} Rg8
{[%clk 0:13:14]} 23. Qf3 {[%clk 0:10:31]} Rg6 {[%clk 0:13:14]} 24. Rac1
{[%clk 0:09:57]} Qd2 {[%clk 0:13:11]} 25. Rcd1 {[%clk 0:09:19]} Qg5
{[%clk 0:12:37]} 26. g3 {[%clk 0:08:55]} Bg4 {[%clk 0:12:43]} 27. Qg2
{[%clk 0:08:16]} Bxd1 {[%clk 0:12:48]} 28. Rxd1 {[%clk 0:08:24]} Nxd3
{[%clk 0:12:45]} 29. cxd3 {[%clk 0:08:29]} Rc8 {[%clk 0:12:49]} 30. h3
{[%clk 0:08:24]} h5 {[%clk 0:12:48]} 31. Rb1 {[%clk 0:08:13]} b5 {[%clk 0:12:49]}
32. Rf1 {[%clk 0:07:31]} h4 {[%clk 0:12:50]} 33. g4 {[%clk 0:07:38]} Rc3
{[%clk 0:12:07]} 34. Rd1 {[%clk 0:07:40]} Rc1 {[%clk 0:12:10]} 35. Rxc1
{[%clk 0:07:42]} Qxc1+ {[%clk 0:12:18]} 36. Kh2 {[%clk 0:07:51]} Qf4+
{[%clk 0:12:25]} 37. Kg1 {[%clk 0:07:59]} a5 38. Qf1 {[%clk 0:07:34]} Qf3
{[%clk 0:12:12]} 39. Qc1 {[%clk 0:06:28]} Qxh3 {[%clk 0:12:12]} 40. Qc8+
{[%clk 0:06:34]} Kg7 {[%clk 0:12:15]} 41. Qf5 {[%clk 0:06:04]} Rxg4+
{[%clk 0:12:19]} 42. Qxg4+ {[%clk 0:06:07]} Qxg4+ {[%clk 0:12:26]} 43. Kf1
{[%clk 0:06:13]} Qd1+ {[%clk 0:12:32]} 44. Kg2 {[%clk 0:06:20]} a4
{[%clk 0:12:39]} 45. Kh3 {[%clk 0:06:10]} b4 {[%clk 0:12:46]} 46. Kxh4
{[%clk 0:06:17]} b3 {[%clk 0:12:53]} 47. axb3 {[%clk 0:06:23]} axb3
{[%clk 0:13:00]} 48. Kg3 {[%clk 0:06:26]} b2 {[%clk 0:13:07]} 49. Kg2
{[%clk 0:06:27]} b1=Q {[%clk 0:13:09]} 50. Kg3 {[%clk 0:06:29]} Kg6
{[%clk 0:13:10]} 51. Kg2 {[%clk 0:06:34]} Qg4+ {[%clk 0:13:17]} 52. Kh2
{[%clk 0:06:42]} Qbg1# {[%clk 0:13:25]} 0-1

[Event "Nationale pupillendag 2017 - categorie H"]
[Site "Meppel"]
[Date "2017.06.17"]
[Round "5.1"]
[White "Grooten, Tommy"]
[Black "Gelten, Evan"]
[Result "1-0"]
[BlackElo "508"]
[WhiteElo "767"]
[LiveChessVersion "1.4.8"]

1. e4 {[%clk 0:15:19]} e5 {[%clk 0:15:20]} 2. Nf3 {[%clk 0:15:26]} Nc6
{[%clk 0:15:29]} 3. Bc4 {[%clk 0:15:34]} h6 4. Nc3 {[%clk 0:15:41]} Nf6
{[%clk 0:15:46]} 5. O-O {[%clk 0:15:44]} Bc5 {[%clk 0:15:55]} 6. d3
{[%clk 0:15:52]} d6 {[%clk 0:16:04]} 7. Be3 {[%clk 0:15:58]} Bxe3
{[%clk 0:16:12]} 8. fxe3 {[%clk 0:16:05]} Bg4 {[%clk 0:16:20]} 9. d4
{[%clk 0:15:57]} exd4 {[%clk 0:16:28]} 10. exd4 {[%clk 0:16:04]} Bxf3
{[%clk 0:16:30]} 11. Rxf3 {[%clk 0:16:11]} a6 {[%clk 0:16:27]} 12. Qd2
{[%clk 0:16:01]} Qd7 {[%clk 0:16:25]} 13. Re1 {[%clk 0:15:20]} Qd8
{[%clk 0:16:07]} 14. a3 {[%clk 0:14:25]} Ne7 {[%clk 0:15:54]} 15. Ne2
{[%clk 0:13:50]} c5 {[%clk 0:15:55]} 16. dxc5 {[%clk 0:13:24]} dxc5
{[%clk 0:16:03]} 17. Rd3 {[%clk 0:13:20]} Qc7 {[%clk 0:16:05]} 18. Ng3
{[%clk 0:13:04]} b5 {[%clk 0:16:06]} 19. Bd5 {[%clk 0:12:50]} c4 {[%clk 0:16:07]}
20. Rd4 {[%clk 0:12:39]} Rd8 {[%clk 0:16:07]} 21. Nh1 {[%clk 0:09:53]} Ng4
{[%clk 0:16:12]} 22. Ng3 {[%clk 0:09:18]} Nf6 {[%clk 0:16:03]} 23. h3
{[%clk 0:09:12]} Qxg3 {[%clk 0:16:04]} 24. Re3 {[%clk 0:08:13]} Qc7
{[%clk 0:16:07]} 25. b3 {[%clk 0:08:09]} cxb3 {[%clk 0:16:14]} 26. cxb3
{[%clk 0:08:17]} Nfxd5 {[%clk 0:16:08]} 27. exd5 {[%clk 0:08:19]} Kf8
{[%clk 0:16:06]} 28. d6 {[%clk 0:08:13]} Qc6 {[%clk 0:15:56]} 29. dxe7+
{[%clk 0:08:20]} Ke8 {[%clk 0:16:00]} 30. exd8=Q# {[%clk 0:08:13]} 1-0

[Event "Nationale pupillendag 2017 - categorie H"]
[Site "Meppel"]
[Date "2017.06.17"]
[Round "5.2"]
[White "Vijver, Jonathan"]
[Black "Hu, Ching Sui"]
[Result "1-0"]
[BlackElo "600"]
[WhiteElo "293"]
[LiveChessVersion "1.4.8"]

1. e4 {[%clk 0:15:28]} e5 {[%clk 0:15:19]} 2. Nf3 {[%clk 0:15:36]} Nc6 3. Bc4 Bc5
{[%clk 0:15:26]} 4. Ng5 {[%clk 0:15:45]} Qxg5 {[%clk 0:15:16]} 5. d3
{[%clk 0:15:52]} Qxg2 {[%clk 0:15:22]} 6. Rf1 {[%clk 0:15:56]} Nf6
{[%clk 0:15:24]} 7. Be3 {[%clk 0:16:01]} Bb4+ {[%clk 0:15:24]} 8. Nc3 Bxc3+ 9.
bxc3 {[%clk 0:16:14]} O-O {[%clk 0:15:26]} 10. d4 {[%clk 0:16:11]} Qxh2
{[%clk 0:15:23]} 11. dxe5 {[%clk 0:16:19]} Qxe5 {[%clk 0:15:29]} 12. Bd2
{[%clk 0:16:21]} Qxe4+ {[%clk 0:15:33]} 13. Be2 {[%clk 0:16:28]} d5
{[%clk 0:15:30]} 14. Rg1 {[%clk 0:16:27]} Qe5 {[%clk 0:15:20]} 15. Qc1
{[%clk 0:16:25]} Qh2 {[%clk 0:15:24]} 16. Rf1 {[%clk 0:16:31]} Bh3
{[%clk 0:15:24]} 17. Qa3 {[%clk 0:16:37]} Bxf1 {[%clk 0:15:25]} 18. Bxf1
{[%clk 0:16:43]} Qe5+ {[%clk 0:15:31]} 19. Be2 {[%clk 0:16:44]} Ne4
{[%clk 0:15:32]} 20. Be3 {[%clk 0:16:43]} Qxc3+ {[%clk 0:15:29]} 21. Qxc3
{[%clk 0:16:39]} Nxc3 {[%clk 0:15:38]} 22. Bd2 {[%clk 0:16:40]} Nxe2
{[%clk 0:15:45]} 23. Kxe2 {[%clk 0:16:47]} Rae8+ {[%clk 0:15:53]} 24. Kf1
{[%clk 0:16:56]} Re4 {[%clk 0:15:50]} 25. c3 {[%clk 0:17:05]} Rfe8
{[%clk 0:15:49]} 26. Rb1 {[%clk 0:17:11]} Re2 {[%clk 0:15:53]} 27. Bg5
{[%clk 0:17:15]} R8e5 {[%clk 0:15:52]} 28. Bf4 {[%clk 0:17:20]} R5e4
{[%clk 0:15:58]} 29. Bxc7 {[%clk 0:17:27]} Rxa2 {[%clk 0:16:00]} 30. Rxb7
{[%clk 0:17:35]} Ra1+ {[%clk 0:16:05]} 31. Kg2 {[%clk 0:17:42]} Rg4+
{[%clk 0:16:00]} 32. Kf3 {[%clk 0:17:50]} Rc4 {[%clk 0:16:03]} 33. Bd6
{[%clk 0:17:55]} Rxc3+ {[%clk 0:16:09]} 34. Kg4 {[%clk 0:18:02]} Rg1+
{[%clk 0:16:04]} 35. Kf4 {[%clk 0:18:09]} Rf1 {[%clk 0:16:02]} 36. Rc7
{[%clk 0:18:08]} Rxf2+ {[%clk 0:16:07]} 37. Kg5 {[%clk 0:18:17]} Rc1
{[%clk 0:16:07]} 38. Rc8+ {[%clk 0:18:23]} Nd8 {[%clk 0:16:09]} 39. Rxd8# 1-0